|
|
|
|
| LEADER |
00000naa2a2200000 4500 |
| 001 |
184905 |
| 005 |
20231222104654.0 |
| 035 |
|
|
|a (RuTPU)RU\TPU\book\200537
|
| 090 |
|
|
|a 184905
|
| 100 |
|
|
|a 20100925d2010 k y0rusy50 ca
|
| 101 |
0 |
|
|a rus
|
| 102 |
|
|
|a RU
|
| 200 |
1 |
|
|a Применение интегрированной инновационно-ориентированной траектории в подготовке ИТ-специалиста
|f А. А. Захарова
|
| 463 |
|
0 |
|0 (RuTPU)RU\TPU\book\191281
|t Совершенствование содержания и технологии учебного процесса
|o сборник трудов научно-методической конференции, г. Томск, 12-13 февраля 2010 г.
|f Томский политехнический университет (ТПУ)
|v С. 105-107
|d 2010
|p 279 с.
|
| 610 |
1 |
|
|a подготовка специалистов
|
| 610 |
1 |
|
|a инновации
|
| 610 |
1 |
|
|a инновационное обучение
|
| 610 |
1 |
|
|a НИРС
|
| 610 |
1 |
|
|a научная работа
|
| 610 |
1 |
|
|a студенты
|
| 610 |
1 |
|
|a организация
|
| 610 |
1 |
|
|a инженерное образование
|
| 610 |
1 |
|
|a труды учёных ТПУ
|
| 700 |
|
1 |
|a Захарова
|b А. А.
|c специалист в области информатики и вычислительной техники
|c профессор Юргинского технологического института (филиала) Томского политехнического университета, доктор наук
|f 1976-
|g Александра Александровна
|3 (RuTPU)RU\TPU\pers\22758
|9 9789
|
| 801 |
|
1 |
|a RU
|b 63413507
|c 20100925
|
| 801 |
|
2 |
|a RU
|b 63413507
|c 20100925
|g RCR
|
| 942 |
|
|
|c BK
|